Clasificación bibliográfica decimal y extracto de las tablas empleadas en el repertorio bibliográfico universal para uso del personal facultativo de Montes / (Record no. 45139)
[ view plain ]
| 000 -LEADER | |
|---|---|
| campo de control de longitud fija | 00699nam a2200181 i 4500 |
| 001 - NÚMERO DE CONTROL | |
| campo de control | 45139 |
| 003 - IDENTIFICADOR DE NÚMERO DE CONTROL | |
| campo de control | ES-MaACL |
| 005 - FECHA Y HORA DE LA ÚLTIMA TRANSACCIÓN | |
| campo de control | 20251004063104.0 |
| 007 - CAMPO FIJO DE DESCRIPCIÓN FÍSICA--INFORMACIÓN GENERAL | |
| campo de control de longitud fija | t| |
| 008 - DATOS DE LONGITUD FIJA--INFORMACIÓN GENERAL | |
| campo de control de longitud fija | 030325s1911 sp ||||1| spa d |
| 080 ## - NÚMERO DE LA CLASIFICACIÓN DECIMAL UNIVERSAL | |
| Número de la Clasificación Decimal Universal | 025.45 CDU (083.74) |
| 100 1# - ENTRADA PRINCIPAL--NOMBRE DE PERSONA | |
| Nombre de persona | Codorniu y Stárico, Ricardo, |
| Fechas asociadas al nombre | 1846-1923 |
| 9 (RLIN) | 39445 |
| 245 10 - MENCIÓN DEL TÍTULO | |
| Título | Clasificación bibliográfica decimal y extracto de las tablas empleadas en el repertorio bibliográfico universal para uso del personal facultativo de Montes / |
| Mención de responsabilidad, etc. | Ricardo Codorniu y Stárico. |
| 260 ## - PUBLICACIÓN, DISTRIBUCIÓN, ETC. | |
| Lugar de publicación, distribución, etc. | Madrid : |
| Nombre del editor, distribuidor, etc. | [s.n., |
| Fecha de publicación, distribución, etc. | 1911] ( |
| Fabricante | Imp. Alemana) |
| 650 #7 - PUNTO DE ACCESO ADICIONAL DE MATERIA--TÉRMINO DE MATERIA | |
| Término de materia o nombre geográfico como elemento de entrada | Clasificación decimal universal |
| Fuente del encabezamiento o término | embne |
| 9 (RLIN) | 164660 |
| 852 ## - LOCALIZACIÓN | |
| Ubicación | ES-MaACL |
| Número de control de estantería | T-1255-F-2 |
| Estatus retirado | Estado de pérdida | Fuente del sistema de clasificación o colocación | Estado de daño | No para préstamo | Colección | Biblioteca de origen | Biblioteca actual | Ubicación en estantería | Fecha de adquisición | Total de préstamos | Signatura topográfica completa | Código de barras | Visto por última vez | Precio de reemplazo | Tipo de ítem Koha |
|---|---|---|---|---|---|---|---|---|---|---|---|---|---|---|---|
| Clasificación decimal universal | Biblioteca profesional | Biblioteca del Ateneo de Madrid | Biblioteca del Ateneo de Madrid | Depósito folletos | 17/01/2008 | T-1255-F-2 | 1047504 | 23/02/2023 | 23/02/2023 | Folleto |
